[Event "Berlin Lichtenberger op 18th"]
[Site "Berlin"]
[Date "2019.08.18"]
[Round "2"]
[White "Lange, Christoph"]
[Black "Bunkens, Rudi"]
[Result "0-1"]
[WhiteElo "1306"]
[BlackElo "1724"]
[PlyCount "126"]
[EventDate "2019.08.17"]
[EventType "swiss"]
[EventRounds "9"]
[EventCountry "GER"]
[SourceTitle "EXT 2020"]
[Source "ChessBase"]
[SourceDate "2019.10.17"]
[SourceVersion "1"]
[SourceVersionDate "2019.10.17"]
[SourceQuality "1"]

1. e4 c5 2. Nf3 d6 3. d4 cxd4 4. Nxd4 Nf6 5. Nc3 a6 6. Be3 e5 7. Nf3 Qc7 8. Be2 Be7 9. Qd2 0-0 10. 0-0 b5 11. a3 Bb7 12. Bd3 Nbd7 13. Rfe1 Rfd8 14. Rad1 Nf8 15. Bg5 Ne6 16. Bxf6 Bxf6 17. Ne2 d5 18. Ng3 dxe4 19. Nxe4 Bxe4 20. Rxe4 Nc5 21. Qe2 Nxe4 22. Qxe4 g6 23. h3 Qc5 24. Re1 Re8 25. Qe2 Rac8 26. c3 Rcd8 27. Be4 Qd6 28. Qc2 Rd7 29. Kh1 Red8 30. Kh2 Qc7 31. Kg1 Rd6 32. Kh2 Qd7 33. Re2 Qe7 34. Re1 Bg5 35. Re2 Kh8 36. g3 Bh6 37. Nh4 Rd2 38. Rxd2 Rxd2 39. Qb1 Qc5 40. Qe1 Qxf2+ 41. Qxf2 Rxf2+ 42. Ng2 Rxb2 43. Bd5 f5 44. Bb7 a5 45. Bd5 Bf8 46. h4 Bxa3 47. Kh3 Bc5 48. Ne1 Rd2 49. Bc6 b4 50. cxb4 axb4 51. Nf3 Re2 52. Bb5 Re3 53. Nd2 Bd4 54. Nc4 Rc3 55. Nd2 Bf2 56. Nf1 b3 57. Kg2 b2 58. Nd2 Bxg3 59. Nb1 Rc1 60. Kxg3 Rxb1 61. Bd3 Rd1 62. Bc2 b1Q 63. Bxb1 Rxb1 0-1

[Event "Berlin Lichtenberger op 16th"]
[Site "Berlin"]
[Date "2017.08.24"]
[Round "6"]
[White "Lange, Christoph"]
[Black "Petersen, Sophie"]
[Result "0-1"]
[WhiteElo "1292"]
[BlackElo "1437"]
[PlyCount "96"]
[EventDate "2017.08.19"]
[EventType "swiss"]
[EventRounds "9"]
[EventCountry "GER"]
[SourceTitle "CBM 180 Extra"]
[Source "ChessBase"]
[SourceDate "2017.10.06"]
[SourceVersion "1"]
[SourceVersionDate "2017.10.06"]
[SourceQuality "1"]

1. e4 c5 2. Nf3 d6 3. d4 cxd4 4. Nxd4 Nf6 5. Nc3 g6 6. Be3 Bg7 7. Bc4 0-0 8. Qd2 Nc6 9. 0-0-0 Bd7 10. Bh6 Rc8 11. Bxg7 Kxg7 12. h3 Qb6 13. Na4 Qc7 14. Nc3 Nxd4 15. Qxd4 Qxc4 16. Qxc4 Rxc4 17. Rhe1 Bc6 18. f3 Nd7 19. Rd2 b5 20. a3 a5 21. Nd5 Bxd5 22. Rxd5 Rc5 23. Red1 Rfc8 24. R1d2 b4 25. a4 b3 26. c3 Nb6 27. Rxc5 Rxc5 28. Rd4 Kf6 29. f4 d5 30. exd5 Rxd5 31. Rxd5 Nxd5 32. g3 Nb6 33. Kd2 Ke6 34. Kc1 Nxa4 35. Kb1 Kd5 36. Kc1 Ke4 37. Kb1 Kf3 38. Kc1 Kxg3 39. c4 Kxf4 40. Kd2 e5 41. Kd3 f5 42. h4 h5 43. Ke2 e4 44. Kd2 Kf3 45. Ke1 Ke3 46. Kd1 Kf2 47. Kd2 f4 48. c5 Nxc5 0-1

[Event "Berlin Lichtenberger op 16th"]
[Site "Berlin"]
[Date "2017.08.20"]
[Round "2"]
[White "Lange, Christoph"]
[Black "Schroeder, Justin"]
[Result "0-1"]
[WhiteElo "1292"]
[BlackElo "1647"]
[PlyCount "102"]
[EventDate "2017.08.19"]
[EventType "swiss"]
[EventRounds "9"]
[EventCountry "GER"]
[SourceTitle "CBM 180 Extra"]
[Source "ChessBase"]
[SourceDate "2017.10.06"]
[SourceVersion "1"]
[SourceVersionDate "2017.10.06"]
[SourceQuality "1"]

1. e4 c5 2. Nf3 d6 3. d4 cxd4 4. Nxd4 Nf6 5. Nc3 a6 6. Be3 g6 7. Be2 Bg7 8. Qd2 b5 9. a3 Bb7 10. f3 Nbd7 11. 0-0 0-0 12. Bh6 Bxh6 13. Qxh6 Qb6 14. Rad1 e5 15. Qe3 Rfd8 16. Kh1 exd4 17. Qxd4 Qxd4 18. Rxd4 Nf8 19. Rfd1 Ne8 20. e5 Ne6 21. R4d2 dxe5 22. Rxd8 Rxd8 23. Rxd8 Nxd8 24. Kg1 f5 25. Bd3 Nd6 26. Be2 Ne6 27. g3 Nd4 28. f4 e4 29. Bd1 Nc4 30. Kf2 Nxb2 31. Ke3 Nxd1+ 32. Kxd4 Nxc3 33. Kxc3 Kf7 34. Kd4 Ke6 35. c3 Bd5 36. Ke3 a5 37. Kd4 Kd6 38. h3 a4 39. g4 Bc4 40. gxf5 gxf5 41. h4 h5 42. Ke3 Kc5 43. Kd2 Bd3 44. Ke3 Kc4 45. Kd2 Bb1 46. Kc1 e3 47. Kd1 Bd3 48. Ke1 Kxc3 49. Kd1 b4 50. axb4 a3 51. Ke1 a2 0-1